| Поле | Инд. | ПП | Название | Значение |
|---|---|---|---|---|
| Тип записи | a | |||
| Библиографический уровень | a | |||
| 001 | Контрольный номер | 357813530120492a8e4a7ceb6f535ad8 | ||
| 005 | Дата корректировки | 20221206130310.0 | ||
| 041 | 0_ | a | Код языка текста | rus |
| 080 | a | Индекс УДК | 658.336:004.738.5 | |
| 097 | b | Оператор | *Т* | |
| 100 | 1_ | a | Автор | Кузнецова В.Р. |
| 245 | 10 | a | Заглавие | Генезис применения вебинаров в обучении персонала организации |
| b | Продолж. заглавия | статья | ||
| p | Название части/ раздела | - Текст : электронный | ||
| 260 | a | Место издания | Тверь | |
| b | Издательство | ТвГТУ | ||
| 520 | 0_ | a | Аннотация | статья посвящена истории развития вебинаров, их внедрению в обучение персонала организации. Рассматриваются современные тенденции развития вебинаров. Раскрываются преимущества вебинаров как метода обучения персонала организации. |
| 653 | 0_ | a | Ключевые слова | вебинар, обучение персонала, современные методы, персонал, компания |
| 700 | 12 | a | Другие авторы | Вайсбург А.В. |
| 773 | 18 | w | Контрольный № источника | 74cd496a560f49228f2dfd741c32ff31 |
| t | Название источника | Теоретические исследования и экспериментальные разработки студентов и аспирантов : материалы Всероссийской (национальной) научно-практической конференции, 2022 г., Тверь : в 2 частях / под редакцией Т.Б. Новиченковой | ||
| d | Место и дата издания | Тверь : Тверской государственный технический университет, 2022 | ||
| g | Прочая информация | Ч. 2. - С. 102-106 | ||
| 773 | 18 | z | ISBN | 978-5-7995-1232-3 |
| 901 | t | Тип документа | a | |
| 905 | a | Дата создания записи | 28.10.22 | |
| 950 | a | Редактор записи | гм |